00784nam a2200205 a 450000100100000000500170001000800410002704000250006808200150009311000450010824500960015326000650024930000220031470000420033670000310037870000300040904900090043995201130044899900170056100002800520260302080342.0110406s1984 dr 000 p spa d aDO-SdBNPbspacBNPHU axxxbA414d1 aInstituto Nacional de la Vivienda93649610aDécimas populares /cJuan Antonio Alix, Vicente T. Mendoza (México), Antonio Restituyo. a[Santo Domingo] :bInstituto Nacional de la Vivienda,c1984. a[18] p. ;c17 cm.1 aAlix, Juan Antonio,d1833-19189113491 aMendoza, Vicente T.9550501 aRestituyo, Antonio938063 aBNPD 0010718PDaPDbPDcCTd2011-04-06iLF1l0oxxx A414dp28005-10r2020-06-25w2020-06-25yLFPDZNo se presta c27497d27497